000 02197cam a2200181 4500500
005 20260524000447.0
041 _afre
042 _adc
100 1 0 _aKelsay, Kimberly J.
_eauthor
700 1 0 _aLe Houezec-Jacquemain, Frédérique
_eauthor
245 0 0 _aPages de début
260 _c2025.
500 _a65
520 _aRésuméLa batterie MacArthur d’histoires à compléter est une méthode structurée dont le but est d’engager l’enfant dans un jeu narratif. Le cadre procuré par l’ensemble d’histoires peut se révéler très utile dan le processus thérapeutique avec les jeunes enfants et leurs familles. Elle permet à certains enfants de révéler plus facilement les types de conflits qui les animent, et facilite l’engagement avec le thérapeute, tout en aidant les uns et les autres à diminuer leur anxiété vis-à-vis de la thérapie. Les séances peuvent être enregistrées en vidéo, et revues avec certains membres de la famille, de façon à permettre que celle-ci facilite la thérapie de l’enfant. Finalement, ce cadre permet l’établissement d’une base de données comparative propre au clinicien, utile tant à son activité diagnostique que thérapeutique.
520 _aThe MacArthur Story Stem Battery is a structured method for engaging children in play narratives. The structure provided by the Mac Arthur Story Stem Battery can be very useful in the therapeutic process of working with young children and families. The structure enables some children to reveal areas that they are struggling with quickly, and helps the child engage with the therapist. The structure also helps to alleviate both the child’s and the clinician’s anxiety about therapy. Sessions can be videotaped and reviewed with relevant family as a means to engage family in supporting therapy with the child. Finally, the structure facilitates the formation of a comparative internal data base for the clinician to access both for diagnostic and therapeutic process purposes.
786 0 _nDéviance et Société | 49 | 3 | 2025-12-17 | p. 1-5 | 0378-7931
856 4 1 _uhttps://shs.cairn.info/revue-deviance-et-societe-2025-3-page-1?lang=fr&redirect-ssocas=7080
999 _c2250579
_d2250579